| 000 | 00537nam a2200169 a 4500 | ||
|---|---|---|---|
| 001 | 000042635 | ||
| 005 | 20201002040305.0 | ||
| 008 | 140203s2005 cu 000 0 spa d | ||
| 020 | _a9592511756 | ||
| 040 |
_aDO-SdBNP _bspa _cBNPHU |
||
| 100 | 1 |
_aGarrido, Alberto _943486 |
|
| 245 | 1 | 3 |
_aEl muro de las lamentaciones. / _cAlberto Garrido. |
| 260 |
_aLas Tunas, Cuba, : _bSanlope, _c2005. |
||
| 300 |
_a110 p. ; _c19 cm. |
||
| 500 | _aIncluye datos biografĂcos del autor en la contraportada | ||
| 586 | _aPremio Casa de las Américas 1999 | ||
| 999 |
_c42124 _d42124 |
||